=LDR 00000nam 2200000 4500 =001 INLIS000000000040097 =005 20130612145700 =008 ***********************************Ind** =035 ##$$0010-061300000040097 =041 ##$$a Ind =082 ##$$a 729 =090 ##$$a 729, Akm s =100 ##$$a Bakrie, Arie =245 ##$$a 23 rumah art deco, Arie Bakrie =260 ##$$a 2011 $b Jakarta =300 ##$$a 80 hlm, Ilus, 25 cm =850 ##$$a NBPNMAT